School essays letters & dialogues : guide to upper primary lower scondary students

Bibliographic Details
Main Author: Nandy, Milon
Format: Book
Published: S.l : Composite study Aid Publications , 1992
Subjects:

MARC

LEADER 00000cam a2200000 7i4500
001 0000006556
002 000007071
005 20000330.0
020 |a 9810009143 
090 0 0 |a 080   |b NAN 
100 1 |a Nandy, Milon 
245 1 0 |a School essays letters & dialogues :   |b guide to upper primary lower scondary students   |c Milon Nandy 
260 |a S.l :   |b Composite study Aid Publications ,   |c 1992 
300 |a 138p. ;   |c 21cm. 
650 0 0 |a English essays 
999 |a 039012   |b BUKU   |c PINJAMAN   |e PERPUSTAKAAN KOMUNITI PETALING JAYA